000 00548nam a2200157Ia 4500
003 IN-BaIIA
008 211028s9999 xx 000 0 eng d
040 _cIIA Library
080 _a083:51
_bCHA
100 _aPryde, James
_92504
245 0 _aChamber's seven-figure mathematical tables
_bconsisting of logarithms of numbers1 to 100,000 trigonometrical and other tables
_cJames Pryde
260 _aBombay
_bAllied Publishers
_c1958
300 _axxv, 312p.
650 _aMathematical tables
_92448
942 _cBK
999 _c5404
_d5404